Central Library OPAC University of Rajshahi

Studies in the literary relations of England and Germany in the sixteenth century / (Record no. 17919)

MARC details
000 -LEADER
fixed length control field 00971nam a2200253 a 4500
001 - CONTROL NUMBER
control field 17919
003 - CONTROL NUMBER IDENTIFIER
rucl marc code BD-RjUL
005 - DATE AND TIME OF LATEST TRANSACTION
control field 20211209000218.0
008 - FIXED-LENGTH DATA ELEMENTS--GENERAL INFORMATION
fixed length control field 880808s1886 enk 000 0 eng
035 ## - SYSTEM CONTROL NUMBER
System control number 11-19010
System control number (BD-RjUL)
040 ## - CATALOGING SOURCE
Original cataloging agency DLC
Transcribing agency NGU
Modifying agency m.c
-- BD-RjUL
Language of cataloging eng
041 ## - LANGUAGE CODE
Language code of text/sound track or separate title eng
082 ## - DEWEY DECIMAL CLASSIFICATION NUMBER
Classification number 820.9
Author mark and year HES
100 1# - MAIN ENTRY--PERSONAL NAME
Personal name Herford, C. H.
Fuller form of name (Charles Harold),
Dates associated with a name 1853-1931.
9 (RLIN) 55281
245 10 - TITLE STATEMENT
Title Studies in the literary relations of England and Germany in the sixteenth century /
Statement of responsibility, etc. Charles H. Herford ...
260 ## - PUBLICATION, DISTRIBUTION, ETC. (IMPRINT)
Place of publication, distribution, etc. Cambridge [Eng.] :
Name of publisher, distributor, etc. At the university press,
Date of publication, distribution, etc. 1886.
300 ## - PHYSICAL DESCRIPTION
Pagination xxix, [1], 426 p. ;
Size 20 cm
505 0# - FORMATTED CONTENTS NOTE
Formatted contents note Introduction.--Lyrics--Polemical dialogues.--The Latin drama.--The Faustus cycle.--The Ulenspiegel cycle.--The ship of fools.--Grobianus and Grobianism
650 #0 - SUBJECT ADDED ENTRY--TOPICAL TERM
Topical term or geographic name as entry element Comparative literature
General subdivision English and German
9 (RLIN) 55110
Topical term or geographic name as entry element Comparative literature
General subdivision German and English
9 (RLIN) 55111
942 ## - ADDED ENTRY ELEMENTS (KOHA)
Source of classification or shelving scheme Dewey Decimal Classification
Koha item type Books
Holdings
Lost status Source of classification or shelving scheme Damaged status Not for loan Collection code Permanent Location Current Location Shelving location Date acquired Source of acquisition Cost, normal purchase price Total Checkouts Full call number Date last seen Copy number Koha item type
  Dewey Decimal Classification   Not For Loan Fiction Central Library, University of Rajshahi Central Library, University of Rajshahi Reading Room 07/06/1955 Aligarh Library, cop. 11.00   820.9 HES 1886 19/02/2014 C-1 Books